| 000 | 00334nam a22001457a 4500 | ||
|---|---|---|---|
| 020 | _qPB. | ||
| 040 | _cFIZZA ISHAQ | ||
| 082 |
_a005.133 _bLEW |
||
| 100 |
_aLOFTUS,LEWIS. _990939 |
||
| 245 |
_aJAVA SOFTWARE SOLUTIONS / _cLEWIS LOFTUS. |
||
| 250 | _a9th ED. | ||
| 260 |
_aPEARSON ; _c2018. |
||
| 300 | _a792 P. ; | ||
| 942 |
_2ddc _cBK |
||
| 999 |
_c589128 _d589128 |
||